📖💬 Paroles "Le Héron" Jean de la Fontaine - Statistiques

Statistiques générales
  • Ce quiz a Ă©tĂ© pris 59 fois
  • Le rĂ©sultat moyen est 165 sur 284
Statistiques - réponses
Mots % Correct
Ă 
100%
d'
100%
Héron
100%
Héron,
100%
Héron !
100%
Horace.
100%
L'
100%
l'
100%
S'
100%
s'
100%
c'
95%
de
95%
De
95%
Le
95%
le
95%
Ma
95%
n'
95%
ai
91%
bec
91%
bec !
91%
J'
91%
j'
91%
la
91%
La
91%
lĂ 
91%
oĂą,
91%
Un
91%
un
91%
au
86%
cou.
86%
et
86%
Et
86%
long
86%
du
82%
"Du
82%
Il
82%
il
82%
il,
82%
je
82%
jour
82%
ne
82%
Ne
82%
on ?"
82%
On
82%
une
82%
Une
82%
est
77%
me
77%
qu'
77%
Qu'
77%
eau
73%
en
73%
Les
73%
les
73%
poisson.
73%
sais
73%
son
73%
sur
73%
ce
68%
Des
68%
des
68%
était
68%
pas ;
68%
pas
68%
plus
68%
qui
68%
ses
68%
si
68%
alla
64%
emmanché
64%
Mais
64%
pour
64%
que
64%
Que
64%
rivière.
64%
aux
59%
avait
59%
Comme
59%
dit-
59%
longs
59%
peu
59%
y
59%
Avec
55%
bien
55%
Bien
55%
Carpe
55%
oiseau
55%
onde
55%
pieds,
55%
faim
50%
près
50%
ainsi
45%
allait,
45%
autre
45%
beaux
45%
Brochet
45%
ces
45%
lui
45%
"Moi
45%
moi
45%
quand
45%
sont
45%
aucun
41%
bon
41%
bord ;
41%
bord
41%
faisait
41%
fut
41%
gens
41%
jours ;
41%
prend-
41%
pris ;
41%
tout
41%
vous
41%
Vous
41%
commère
36%
compère.
36%
faire
36%
fait
36%
mille
36%
tours
36%
vit
36%
chère ?
32%
cĂ´toyait
32%
dîner
32%
eût
32%
pauvre
32%
rien
32%
tanche
32%
Tous
32%
transparente
32%
trop
32%
trouva
32%
heures.
27%
heureux
27%
mets
27%
moins :
27%
ouvrirais
27%
parle ;
27%
prendre.
27%
prit ;
27%
quelques
27%
soyons
27%
vint :
27%
votre
27%
accommodants,
23%
appétit :
23%
appétit
23%
approchant
23%
Après
23%
attendre
23%
avez
23%
conte ;
23%
dédaigneux
23%
difficiles :
23%
façon
23%
fasse
23%
goût
23%
habiles ;
23%
limaçon.
23%
mangeait
23%
mieux
23%
mieux,
23%
ouvrit
23%
profit :
23%
vivait
23%
aise
18%
aisément
18%
compte.
18%
crut
18%
dédaigner,
18%
Dieux
18%
gagner.
18%
goujon?
18%
goujon !
18%
hasarde
18%
perdre
18%
plaise!"
18%
rat
18%
rebutée,
18%
régime,
18%
tanches
18%
tanches ?
18%
verrez
18%
voulant
18%
approchaient
14%
attendait
14%
chez
14%
demeures.
14%
écoutez,
14%
fond
14%
Gardez-
14%
hérons
14%
humains,
14%
leçons.
14%
moments
14%
montrait
14%
puisé
14%
rencontrer
14%
sortaient
14%
Surtout
14%
Aucun quiz correspondant
Distribution des résultats
% des personnes avec chaque résultat
Percentile par nombre de réponses
Votre historique - résultats
Vous n’avez pas pris ce quiz